[Event "WCh"]
[Site "Elista RUS"]
[Date "2006.10.04"]
[Round "7"]
[White "Topalov, Veselin"]
[Black "Kramnik, Vladimir"]
[Result "1/2-1/2"]
[WhiteElo "2813"]
[BlackElo "2743"]
[Annotator "Martin, A"]
[PlyCount "119"]
[EventDate "2006.09.23"]
[EventType "match"]
[EventRounds "12"]
[Source "EDAMI"]
[SourceDate "2006.12.20"]

{Las reglas establecían que, a mitad del match, los colores de la primera
parte se invertirían, por lo que Topalov volvió a jugar con blancas.} 1. d4 d5
2. c4 c6 (2... dxc4 3. Nf3 Nf6 4. e3 e6 5. Bxc4 c5) 3. Nf3 Nf6 4. e3 e6 5. Bd3
({En la cuarta partida, Topalov jugó} 5. Nc3 {
el orden introducido ahora permite a Kramnik eleigir otra continuación.}) 5...
dxc4 6. Bxc4 c5 {Puede parecer una pérdida de tiempo, pero esta jugada lleva a
una posición del Gambito de Dama Aceptado, que generalmente se alcanza con el
orden de jugadas 1.d4 d5 2.c4 dxc4 3.Nf3 Nf6 4.e3 e6 5.Bxc4 c5. Comparado con
ello, podemos ver que, en la presente partida, ambos bandos han perdido un
tiempo .} 7. O-O a6 8. Bb3 ({Spassky ha jugado con frecuencia la línea} 8. dxc5
Qxd1 9. Rxd1 Bxc5 {y el mismo Kramnik la utilizó frente a Kasparov en diversas
ocasiones. Pero esa continuación no sería esperable de Topalov.}) 8... cxd4 9.
exd4 Nc6 10. Nc3 Be7 11. Re1 O-O 12. a4 {Aunque esa jugada tiene bastante
lógica, al evitar ...b5, resulta sorprendente que prácticamente sea una
novedad en esta posición, donde generalmente las blancas colocan su peón en a3
y preparan la maniobra Qd3 y Bc2. La colocación del peón en a4 se ha jugado en
algunas partidas con el alfil blanco en c4, sin retirarlo a b3, lo que parece
más natural.} Bd7 ({Lo más sólido. También puede jugarse} 12... Nb4 {aprovechan
do que las blancas han debilitado su casilla b4, pero esta jugada tiene el
inconveniente de permitir} 13. Ne5 {
y este caballo resulta una pieza muy fuerte en esta posición.}) (12... b6 {
es otra forma de continuar el desarrollo, aunque justifica la última jugada de
las blancas, puescon} 13. d5 exd5 14. Nxd5 Nxd5 15. Bxd5 (15. Qxd5 Bb7 16. Qh5
Qd3) 15... Bb7 16. Ne5 {las blancas mantienen la iniciativa.}) 13. Ne5 Be8 14.
Be3 Rc8 ({La simplificación} 14... Nxe5 15. dxe5 Qxd1 16. Raxd1 Nd7 17. f4 {
deja a las blancas con ventaja de espacio y desarrollo.}) 15. Rc1 $5 {
Una jugada de aspecto modesto, pero que impide el cambio en e5 ya que si ahora}
Nb4 (15... Nxe5 16. dxe5 Qxd1 17. Rexd1 Nd7 {seguiría} 18. Nd5 $1 {
ganando material.}) 16. Qf3 Bc6 17. Qh3 (17. Nxc6 bxc6 {deja una posición muy
estática, donde no es fácil para las blancas aprovechar su pequeña ventaja.
Por ello Topalov prefiere una linea más activa, presionando sobre los puntos
e6 y f7 donde se ciernen amenazas de eventuales sacrificios. Kramnik corta de
raíz esa posibilidad.}) 17... Bd5 18. Nxd5 Nbxd5 19. Rcd1 Rc7 ({
El comienzo de una reorganización de piezas algo rebuscada. Era más natural} 
19... Qb6 {aunque quizás a Kramnik le molestara} 20. Bxd5 {que obliga a} exd5 (
20... Nxd5 $2 21. Nd7) 21. Bg5 Rfe8 {
pero las negras parecen resistir perfectamente.}) 20. Bg5 Qc8 21. Qf3 ({
Después de} 21. Bxf6 {es peligrosa} Nxf6 {por} 22. Nxf7 $1 Rxf7 23. Bxe6) ({
Pero} 21. Bxf6 Bxf6 {es perfectamente aceptable, pues si} 22. Bxd5 (22. Ng4 Be7
) 22... exd5 23. Qf3 Rd8) 21... Rd8 22. h4 {Un interesante plan. Las blancas
pretenden llevar este peón hasta h6, así que las negras deben detenerlo
avanzando el suyo un paso. Kramnik toma la decisión de hacerlo de inmediato.}
h6 23. Bc1 {Naturalmente el cambio en f6 solo llevaba a la igualdad, pero
merecía considerarse la retirada del alfil a d2, evitando lo que ahora sigue.}
Bb4 24. Rf1 Bd6 ({
Kramnik evita las complicaciones derivadas de la extraña jugada} 24... Nc3 {
a la que las blancas podrían responder con el sacrificio de calidad} 25. Bxh6
Nxd1 26. Rxd1 Be7 27. Bg5 {
y el peón de más junto a la amenaza h5-h6 son suficiente compensación.}) 25. g3
({Aquí muchos esperaban la agresiva jugada} 25. g4 $5 {que naturalmente
comporta riesgos para ambos bandos. Es posible que Topalov, con desventaja en
el marcador, no quisiera exponerse a una nueva derrota que sería definitiva.
Tal vez en otras circunstancias hubiera jugado así, porque la línea parece
interesante. Podría seguir} Bxe5 26. dxe5 Nd7 27. g5 {
con buenas posibilidades de ataque ya que no sirve} Nxe5 $2 (27... h5 $5 {
para responder a} 28. Qxh5 Nxe5) 28. Qg3 {seguido de gxh6.}) 25... b6 26. Qe2
Ne7 27. Rfe1 {Vuelve a plantear amenazas sobre f7 y e6, por lo que Kramnik
decide eliminar el peligroso caballo blanco.} Bxe5 28. dxe5 (28. Qxe5 $2 Nc6)
28... Rxd1 29. Qxd1 Nfd5 30. Bd2 Rc5 31. Qg4 Nf5 {Los caballos negros son tan
fuertes como la pareja de alfiles blancos en esta posición, por lo que las
posibilidades parecen equilibradas.} 32. Qe4 b5 33. h5 (33. a5 b4 {
dejaría expuesto el peón en a5 puesto que} 34. Bxd5 Rxd5 35. Qxb4 Nd4 {
es favorable para las negras.}) 33... bxa4 34. Qxa4 Rb5 35. Rc1 Qb7 36. Bc2 ({
Las blancas deciden conservar la pareja de alfiles, aún a costa de un peón, ya
que} 36. Bxd5 Qxd5 37. Bc3 {sería demasiado pasivo.}) 36... Nb6 37. Qg4 Rxb2
38. Be4 ({Las blancas podrían recuperar el peón con} 38. Bc3 Rb5 39. Bxf5 exf5
40. Qxf5 {pero tras} Nd7 41. Bd4 a5 {deben luchar en busca de la igualdad.})
38... Qd7 39. Be1 ({Tal vez} 39. Bc3 {fuera algo mejor, evitando la jugada 39..
.Nd4 que Kramnik podía haber hecho ahora.}) 39... Nd5 (39... Nd4 {ponía seguram
ente más dificultades a las blancas, que probablemente pueden conservar el
equlibrio pero tienen que jugar con mucha precisión.} 40. Kh2) 40. Bd3 Nb4 41.
Bf1 Nd3 42. Qd1 $1 Nxe5 43. Qxd7 Nxd7 44. Rc8+ Kh7 (44... Nf8 45. Ra8 Rb1 46.
Ba5 {tampoco debe ser suficiente para ganar la partida.}) 45. Rc7 Rb1 (45...
Nf6 46. Rxf7 (46. Bd3 $5) 46... Rb1 {
era un poco mejor, ya que ahora las blancas no tienen problemas para igualar.})
46. Rxd7 Rxe1 47. Rxf7 a5 48. Kg2 ({La directa} 48. Ra7 {era también posible.
A pesar del peón de más, las piezas negras están bastante atadas y es
imposible aprovechar la ventaja.}) 48... Kg8 49. Ra7 Re5 50. g4 Nd6 51. Bd3 Kf8
52. Bg6 Rd5 53. f3 e5 54. Kf2 Rd2+ 55. Ke1 Rd5 56. Ke2 Rb5 57. Rd7 Rd5 58. Ra7
({Pero no} 58. Be4 $4 Nxe4 $1 59. Rxd5 Nc3+) 58... Rb5 59. Bd3 Rd5 60. Bg6
1/2-1/2

[Event "WCh"]
[Site "Elista RUS"]
[Date "2006.10.05"]
[Round "8"]
[White "Kramnik, Vladimir"]
[Black "Topalov, Veselin"]
[Result "0-1"]
[WhiteElo "2743"]
[BlackElo "2813"]
[Annotator "Rodríguez, Am"]
[PlyCount "104"]
[EventDate "2006.09.23"]
[EventType "match"]
[EventRounds "12"]
[Source "EDAMI"]
[SourceDate "2006.12.20"]

{La octava partida fue clave para Topalov, al lograr su primera victoria
después de preparar muy bien la apertura y jugar el alfil a un alto nivel.} 1.
d4 d5 2. c4 c6 3. Nf3 Nf6 4. Nc3 e6 5. e3 Nbd7 6. Bd3 dxc4 7. Bxc4 b5 8. Be2
Bb7 9. O-O b4 10. Na4 c5 11. dxc5 {Ahora, la continuación más extendida en la
práctica magistral es 11...Bxc5, pero Topalov capturó rapidamente con su
caballo.} Nxc5 12. Bb5+ {Kramnik se decide por la continuación más agresiva de
todas, vistosa pero peligrosa, porque las piezas blancas ocupan posiciones muy
avanzadas sin un sostén convincente. Conocidos grandes maestros habían optado
por jugadas más apacibles, 12.Bd2 (Lputjan), 12.a3 (Aleksandrov) y también
existe la interesante posibilidad 12.Nxc5} (12. Nxc5 Bxc5 (12... Qxd1 $2 13.
Bb5+ $1) 13. Qa4+ {seguida de Rd1, Bd2, Rac1 y se ve una partida muy normal.})
12... Ncd7 13. Ne5 Qc7 14. Qd4 Rd8 15. Bd2 Qa5 {
La novedad de Topalov, jugada al toque.} ({Se conocía} 15... a6 16. Rfc1 Qa5
17. Bc6 Bxc6 18. Nxc6 Qxa4 19. Nxd8 {Cvetkovic-Bagirov, Vrnjacka Banja 1974 y
las negras tienen un tiempo de menos respecto a la variante que se jugará en
la partida.}) 16. Bc6 Be7 $1 {Una jugada importante, porque en las
complicaciones que pronto tendrán lugar las negras evitan quedar con el rey en
el centro del tablero.} 17. Rfc1 Bxc6 18. Nxc6 Qxa4 19. Nxd8 ({
Era interesante jugar primero} 19. b3 Qb5 (19... Qa6 $6 {permite} 20. Bxb4 $1 {
y en caso de} Bxb4 $2 21. Qxb4 Nd5 22. Qd6 {obtiene un ataque demasiado fuerte.
}) 20. Nxd8 (20. Nxe7 Kxe7 21. Bxb4+ Ke8 {
podría investigarse, pero no es nada clara.}) 20... Bxd8 21. Bxb4 {y con las da
mas sobre el tablero las blancas tienen más posibilidades que en la partida.})
19... Bxd8 20. Qxb4 ({Si ahora} 20. b3 {las negras responden} Qa6 $1 21. Bxb4
Nd5 $1 {y no es posible} 22. Qxg7 $2 {por} Bf6) 20... Qxb4 21. Bxb4 Nd5 22. Bd6
f5 23. Rc8 N5b6 24. Rc6 Be7 25. Rd1 Kf7 26. Rc7 Ra8 27. Rb7 Ke8 28. Bxe7 Kxe7
29. Rc1 a5 30. Rc6 {Parece fuerte, pero en realidad no hace más que acercar el
caballo negro a la posición que debe ocupar en el centro.} (30. f3 $5 {
con idea de 31.Kf2 era una tranquila opción, que dejaba el flanco dama sin
definir y abría una puerta al avance eventual e3-e4, si fuera necesario para
por motivos tácticos privar a las negras de la casilla clave d5.}) 30... Nd5
31. h4 $6 {?Era necesaria? Las blancas a la larga no pueden impedir el avance
g7-g5 y son las negras quienes sacarán partido del cambio de los peones h.} h6
32. a4 {Otra jugada inesperada. Se fija el peón débil en a5 pero el propio
flanco dama blanco queda inmóvil, con lo cual la ventaja del 2 contra uno
desaparece.} g5 $1 33. hxg5 hxg5 34. Kf1 g4 $1 {
Comienzan a aparecer temas relacionados con el avance g4-g3} 35. Ke2 N5f6 36.
b3 Ne8 37. f3 g3 $1 38. Rc1 Nef6 39. f4 $6 {Las blancas estaban ya peor en el
final, pero esta jugada acelera las cosas en su contra.} Kd6 40. Kf3 Nd5 41.
Kxg3 $6 Nc5 $1 {El resto es una masacre. Las piezas negras penetran en el
corazón de la posición blanca y le asestan varias estocadas mortales.} 42. Rg7
Rb8 43. Ra7 Rg8+ 44. Kf3 Ne4 45. Ra6+ Ke7 46. Rxa5 Rg3+ 47. Ke2 Rxe3+ 48. Kf1
Rxb3 49. Ra7+ Kf6 50. Ra8 Nxf4 51. Ra1 Rb2 52. a5 Rf2+ 0-1

[Event "WCh"]
[Site "Elista RUS"]
[Date "2006.10.07"]
[Round "9"]
[White "Topalov, Veselin"]
[Black "Kramnik, Vladimir"]
[Result "1-0"]
[WhiteElo "2813"]
[BlackElo "2743"]
[Annotator "Martin, A"]
[PlyCount "77"]
[EventDate "2006.09.23"]
[EventType "match"]
[EventRounds "12"]
[Source "EDAMI"]
[SourceDate "2006.12.20"]

1. d4 d5 2. c4 c6 3. Nf3 Nf6 4. e3 {Topalov repite la variante de la partida 7.
Tal vez no encontró nada para lograr alguna ventaja contra el planteo de
Kramnik en la partida 6 4.Nc3 dxc4 5.a4 Bf5 6.Ne5 e6 7.f3 c5 8.e4 Bg6.} Bf5 {
Pero Kramnik quien se desvía inmediatamente de las partidas anteriores, donde
jugó 4...e6.} 5. Nc3 e6 6. Nh4 Bg6 7. Nxg6 hxg6 8. a3 Nbd7 9. g3 Be7 10. f4 $1
{Una novedad que, como el propio Topalov reconoció en la conferencia de prensa,
es una idea de Paco Vallejo, uno de sus ayudantes en Elista. Claramente
sorprendido, Kramnik no consiguió resolver adecuadamente sus problemas de
apertura.} dxc4 ({Esto deja mucha libertad a los peones centrales blancos.} 
10... Ne4 11. Nxe4 dxe4 12. Qc2 f5 {o}) (10... Qc7 {
parecían opciones más seguras.}) 11. Bxc4 O-O 12. e4 b5 $6 ({
Una maniobra dudosa.} 12... Nb6 {seguido de 13...c5 era claramente preferible.}
) 13. Be2 b4 {Consecuente pero no por ello bueno. Resulta sorprendente que
Kramnik, a diferencia de las partidas anteriores, eligiese una continuación
activa pero posicionalmente poco sólida.} 14. axb4 Bxb4 15. Bf3 Qb6 $2 ({
A la vista de lo que va a seguir resulta fácil condenar esta jugada yrealmente 
Kramnik estuvo poco inspirado en esta fase de la partida. Todavía podía
jugarse} 15... c5 {pero a Kramnik no le gustó} 16. e5 cxd4 17. Qxd4 Nd5 18.
Bxd5 Bc5 $1 19. Qe4 exd5 20. Qxd5 ({si} 20. Nxd5 Nf6 $1 {
las negras consiguen buen contrajuego.}) 20... Qe7 {pensando que las blancas
podrían consolidar su ventaja con jugadas como Ne4 y Ke2. Pero más tarde
reconoció que la posición poco segura del rey blanco en el centro le ofrecería
una compensación razonable por el peón.}) 16. O-O e5 $6 ({Esta era la idea de
Kramnik al colocar su dama en b6, pero sólo consigue abrir el centro en
beneficio de las blancas. Relativamente mejor era} 16... Rfd8 {aunque} 17. Be3
{deja a las blancas con un juego mucho más agradable.}) 17. Be3 Rad8 ({Si} 
17... exd4 18. Na4 $1 {Ya es dificil sugerir jugadas buenas para las negras y
el propio Kramnik reconoció, en la rueda de prensa posterior a la partida, que
su posición era prácticamente perdedora en este momento y resistió porque no
quería abandonar tan pronto.}) 18. Na4 Qb8 19. Qc2 $1 ({Naturalmente} 19. fxe5
Nxe5 {daría algún respiro a las negras.}) 19... exf4 ({
Abrir la columna "f" agravará los problemas de las negras, pero} 19... exd4 20.
Bxd4 Nb6 21. Be3 {tampoco era muy agradable.}) 20. Bxf4 Qb7 21. Rad1 Rfe8 22.
Bg5 Be7 23. Kh1 Nh7 24. Be3 Bg5 25. Bg1 $1 {Correctamente las blancas evitan
los cambios, dejando las piezas negras en posiciones muy desafortunadas.} Nhf8
26. h4 Be7 27. e5 Nb8 28. Nc3 {
Incorporando otra pieza ya que las negras no pueden mejorar su posición.} Bb4
29. Qg2 Qc8 30. Rc1 Bxc3 {Este cambio deja a las blancas las manos libres para
maniobrar a su gusto, pero difícilmente las negras tenían algo mejor. Además a
Kramnik sólo le quedaban 15 minutos para las restantes 11 jugadas, en una
posición llena de dificultades.} 31. bxc3 Ne6 32. Bg4 Qc7 33. Rcd1 Nd7 34. Qa2
{Ahora las blancas se concentran sobre el punto "f7" que no podrá ser
suficientemente defendido.} Nb6 35. Rf3 Nf8 $2 {Evidentemente esta jugada es
un error, pero tampoco después de la reletivamente mejor} (35... Nd5 36. Rdf1
Rd7 37. c4 Nb6 {las negras pueden resistir mucho, en vista de} 38. d5 cxd5 39.
Bxb6) 36. Rdf1 $1 Re7 37. Be3 {
La amenaza Bg5 hace perder material a las negras. El resto es inercia.} Nh7 38.
Rxf7 $1 Nd5 ({Si} 38... Rxf7 39. Rxf7 Qxf7 40. Be6) 39. R7f3 (39. Be6 {
era un modo elegante de rematar la partida, pero tras la del texto las negras
se rindieron, puestras}) (39. R7f3 Kh8 40. Bg5 {
las negras pierden material, ya que} Nxg5 41. Rf8+ Rxf8 42. Rxf8+ Kh7 43. hxg5
{conduce al mate inevitable}) 1-0

[Event "WCh"]
[Site "Elista RUS"]
[Date "2006.10.08"]
[Round "10"]
[White "Kramnik, Vladimir"]
[Black "Topalov, Veselin"]
[Result "1-0"]
[WhiteElo "2743"]
[BlackElo "2813"]
[Annotator "Martin, A"]
[PlyCount "85"]
[EventDate "2006.09.23"]
[EventType "match"]
[EventRounds "12"]
[Source "EDAMI"]
[SourceDate "2006.12.20"]

1. d4 Nf6 2. c4 e6 3. Nf3 d5 4. g3 {Como en la primera partida, se plantea la
Apertura Catalana, después de que en todas las demás se hubiera jugado la
Defensa Eslava.} Bb4+ ({
En aquella ocasión Topalov eligió dar este jaque después de} 4... dxc4 5. Bg2)
5. Bd2 Be7 6. Bg2 O-O 7. O-O c6 8. Bf4 Nbd7 9. Qc2 a5 $5 10. Rd1 ({
En una partida Khalifman, A-Sokolov, I. Bled 1991 se había jugado} 10. Nbd2 Nh5
11. Be3 a4 12. Rfd1 Qa5 {pero la idea de Topalov es diferente.}) 10... Nh5 11.
Bc1 b5 $5 {Las negras solían jugar en esta posición su peón a f5, pero esta
jugada tiene la intención de cerrar antes el flanco de dama para prevenir el
contrajuego de las blancas. Naturalmente Kramnik lo evita.} 12. cxd5 ({
Formalmente una novedad, aunque sólo existía una partida en la que se hubiera
jugado 11...b5 y quesiguió} 12. c5 f5 13. Nc3 g5 14. a3 Bf6 15. Qd2 h6 16. h4
g4 17. Qxh6 gxf3 18. Qxh5 fxg2 19. Qg6+ Kh8 20. Qh6+ Kg8 21. Qg6+ {1/2-1/2. Rah
man,Z -Ghaem Maghami,E. Doha 2003. No sería raro que pudiera mejorarse el
juego de las negras.}) 12... cxd5 13. e4 $1 dxe4 14. Qxe4 Rb8 (14... Ra6 {
parece peor a causa de} 15. Qe2 {con las amenazas Qxb5 y Ne5.}) 15. Qe2 Nhf6
16. Bf4 $14 ({Otra posibilidad era} 16. Ne5 Nxe5 ({Si} 16... Bb7 {
las blancas pueden ganar un peón con} 17. Bxb7 Rxb7 18. Nc6 Qe8 19. Nxa5 Rb6 {
aunque es posible que las negras tengan cierta compensación siguiendo con ...
Qa8 y Nd5.}) 17. dxe5 Nd5 {y ahora, a diferencia de la partida,} 18. Bxd5 exd5
19. Nc3 {no da nada por} d4 20. Be3 Bc5 21. Ne4 Ba7) 16... Rb6 17. Ne5 Nd5 (
17... Bb7 18. Bxb7 Rxb7 19. Nc6 Qe8 20. Nxa5 {es ahora peor que antes, pues
las blancas tienen un tiempo de más, lo que permite} Rb6 21. Bc7 Ra6 22. Qxb5)
18. Bxd5 $1 {Única para luchar por la ventaja. De otro modo las negras
jugarían ...Bb7 con una posición totalmente satisfactoria.} exd5 19. Nc3 Nf6 ({
Después de} 19... Nxe5 20. dxe5 (20. Bxe5 $2 Qd7 {
con la amenaza ...Qh3 y Rh6 o Bg4 es muy bueno para las negras.}) 20... d4 21.
Be3 (21. Nxb5 $6 Qd5) {es posible que las negras pudieran jugar} 21... dxe3 ({
la colocación de la torre en b6 hace dudosa la continuación que mencionamos en
la jugada 16:} 21... Bc5 22. Ne4) 22. Rxd8 exf2+ 23. Qxf2 Bxd8 {
pero difícilmente puede ser suficiente.}) ({Pero} 19... Bb7 $5 20. Nxb5 a4 $1 {
podía ser una idea a considerar, ya que la compensación parece satisfactoria.})
20. Nxb5 Ba6 21. a4 Ne4 22. Rdc1 Qe8 23. Rc7 (23. f3 $5 Nd6 24. Qe1 {
era un intento de conservar el material de ventaja, aunque tras} Nxb5 25. Qxa5
Bd8 26. axb5 Bxb5 {las negras deben tener compensación.}) 23... Bd8 24. Ra7 f6
$4 {Un serio error, que prácticamente pierde en el acto. Había que jugar} (
24... Bxb5 25. axb5 Qxb5 26. Qxb5 Rxb5 {y las blancas tienen una ligera
ventaja pero las negras no deberían tener demasiados problemas para lograr las
tablas.}) 25. Nd7 ({
Natural y fuerte, aunque las blancas tenían una agradable alternativa con} 25.
Qg4 {Pero a partir de aquí Kramnik elige siempre la línea más segura, para no
dar ninguna oportunidad a su rival.}) 25... Rf7 26. Nxb6 Rxa7 27. Nxd5 Rd7 28.
Ndc3 $1 {Las blancas han quedado con dos peones de ventaja y la pareja de
alfiles no es bastante compensación. La siguiente jugada de Topalov es
objetivamente un error, pero es comprensible que buscase complicar la partida.}
Rxd4 $6 (28... Re7 29. Qc4+ Kh8 {podía ser lo menos malo, ya que la jugada de
la partida pierde una pieza. Pero tampoco daba muchas esperanzas.}) 29. Re1 ({
tampoco había muchos problemas ganando la pieza con} 29. f3 Bxb5 (29... Bb6 30.
Kg2) 30. Qxb5 Qe6 31. Nxe4 Bb6 32. Kg2 {
Pero la jugada de Kramnik es buena también y no deja escapar la ventaja.})
29... f5 30. Qc2 {Las blancas tienen muchos caminos para aprovechar la ventaja.
30.f3 ahora y en la siguiente jugada, eran otras buenas opciones.} Rb4 31. Nd5
Rxb5 32. axb5 Qxb5 33. Nc7 Qc4 ({Si} 33... Bxc7 34. Qxc7 Qxb2 35. Qd8+ Kf7 36.
Qd7+ Kg6 37. Qe8+ Kf6 38. Rxe4 fxe4 39. Qc6+) 34. Qd1 ({
Jugando para la galería, porque} 34. Qxc4+ Bxc4 35. Ra1 {
era sencillo y bueno. De todas formas el resultado no ofrece dudas.}) 34...
Bxc7 35. Qd7 h6 36. Qxc7 Qb4 37. Qb8+ Qxb8 38. Bxb8 Nd2 39. Ra1 g5 40. f4 Nb3
41. Ra3 Bc4 42. Bc7 g4 43. Bxa5 1-0